| 000 | 01293nam a2200301 a 4500 | ||
|---|---|---|---|
| 001 | BRCA_3458 | ||
| 005 | 20190320204307.0 | ||
| 041 | _afre | ||
| 044 | _afr | ||
| 084 |
_a747 _b.F47 _c1738 |
||
| 100 | 1 |
_aFernández de Avellaneda, Alonso _99034 |
|
| 245 | 1 | 0 |
_aNouvelles Aventures de l´Admirable Don Quichotte de la Manche _ccomposées par le licencié Alonso Fernández de Avellaneda ; [Et traduites de l´Espagnol en Francois pour la premiere fois]. |
| 260 |
_aParís _bCompagnie des Libraires _c1738 |
||
| 300 |
_a2 v. _bil. _c17 cm. |
||
| 500 | _aContenido : v.1. Prólogo. Aprobación. Texto. -- v.2. Texto | ||
| 500 | _aPrimera traducción francesa de la continuación de Avellaneda, por traductor anónimo. Piel; lomeras decoradas con dorados Lúdovik Osterc | ||
| 500 | _aEstado físico : Encuadernación ligeramente desprendida | ||
| 500 | _aQMB8 | ||
| 546 | _aTexto en : francés | ||
| 650 | 1 | 4 |
_aNovela española _yÉpoca clásica, 1500-1700 _9215 |
| 650 | 1 | 4 |
_aLiteratura española _yÉpoca clásica, 1500-1700 _9216 |
| 650 | 1 | 4 |
_aNovela española _ySiglo XVII _9217 |
| 650 | 1 | 4 |
_aDon Quijote (Personaje ficticio) _eNovela _9218 |
| 700 | 1 |
_aClouzier, Antoine _eIlustrador _99035 |
|
| 740 | 0 | _aEl Ingenioso Hidalgo Don Quijote de la Mancha | |
| 902 | _aQFM | ||
| 942 |
_2lcc _cB |
||
| 999 |
_c3194 _d3194 |
||